000
002650000a22000970004500
100
1
_a
Sabra, George
245
1
0
_a
The struggle foe a new society in the middle east
300
_a
Vol. 45, Num 1 (Marzo, 19919, Páginas 169-174
773
0
_t
Reformed World
942
_c
ANA
999
_c
55290
_d
55290